Mecanismo de la submersión profunda de los relieves originalmente subaéreos /

Guardado en:
Autor Principal: Fouet, Robert.
Formato: Libro
Idioma:Spanish
Publicado: Bahía Blanca : Universidad Nacional del Sur, 1963.
Etiquetas: Agregar Etiqueta
Sin Etiquetas, Sea el primero en etiquetar este registro!
LEADER 00529nam a22001455a 4500
001 EUN.um020607
003 AR-BaUNS
005 20050623122900.0
008 041125s1963####ag############000#0#spa#d
245 1 0 |a Mecanismo de la submersión profunda de los relieves originalmente subaéreos /  |c Robert Fouet. Traducido del francés por Augusto P. Calmels. 
260 |a Bahía Blanca :  |b Universidad Nacional del Sur,  |c 1963. 
300 |a 6 h. 
100 1 |a Fouet, Robert. 
082 0 4 |a 551.4 
859 |a Ar-BaUNS  |b BIB. CENTRAL - Sector C  |h 551.4  |i F823  |p 1801/963